| Tag |
First Indicator |
Second Indicator |
Subfields |
| LEADER |
00000cam a2200000 4500 |
| 001 |
in00000079317 |
| 005 |
20151008060823.0 |
| 008 |
740719s1954 nyua 00000 eng d |
| 010 |
|
|
|a 53009004
|
| 035 |
|
|
|a (OCoLC)00952259
|
| 035 |
|
|
|9 AAJ6653AM
|
| 040 |
|
|
|c HRM
|d m.c.
|d TXA
|d UtOrBLW
|
| 049 |
|
|
|a TXAM
|c 1 [293457], 2 [232806]
|
| 050 |
0 |
0 |
|a HD1761
|b .S22
|
| 082 |
0 |
|
|a 338.1
|
| 100 |
1 |
|
|a Schickele, Rainer.
|
| 245 |
1 |
0 |
|a Agricultural policy: farm programs and national welfare.
|
| 264 |
|
1 |
|a New York :
|b McGraw-Hill,
|c 1954.
|
| 300 |
|
|
|a 453 pages :
|b illustrations ;
|c 24 cm.
|
| 336 |
|
|
|a text
|b txt
|2 rdacontent
|
| 337 |
|
|
|a unmediated
|b n
|2 rdamedia
|
| 338 |
|
|
|a volume
|b nc
|2 rdacarrier
|
| 650 |
|
0 |
|a Agriculture and state
|z United States.
|
| 999 |
|
|
|a MARS
|
| 999 |
f |
f |
|s 53f5437f-ad63-3b30-a59d-5237dd4ff38e
|i eba4fe5d-2f59-3129-87de-4c36043c49d2
|t 0
|
| 952 |
f |
f |
|p withdrawn
|a Texas A&M University
|b College Station
|c Sterling C. Evans Library
|s Evans Withdrawn (Evans)
|d SUPPRESSED
|t 1
|e HD1761 .S22
|h Library of Congress classification
|i unmediated -- volume
|m A14806126542
|
| 952 |
f |
f |
|p ric
|a Texas A&M University
|b Rellis Campus
|c Joint Library Facility
|s JLF
|d Remote Storage
|t 0
|e HD1761 .S22
|h Library of Congress classification
|i unmediated -- volume
|m A14806126550
|